Most Populous New Jersey Municipalities in 1960 - Statistics

General Stats
  • This quiz has been taken 9 times
  • The average score is 10 of 20
Answer Stats
Population County Status Municipality % Correct
405,220 Essex City Newark
100%
117,159 Camden City Camden
88%
276,101 Hudson City Jersey City
88%
114,167 Mercer City Trenton
88%
107,698 Union City Elizabeth
75%
53,963 Passaic City Passaic
75%
59,544 Atlantic City Atlantic City
63%
143,663 Passaic City Paterson
63%
51,499 Union Township Union
63%
48,441 Hudson City Hoboken
50%
74,215 Hudson City Bayonne
38%
44,799 Middlesex Township Edison
38%
82,084 Passaic City Clifton
25%
65,035 Mercer Township Hamilton
25%
45,330 Union City Plainfield
25%
52,180 Hudson City Union City
25%
78,846 Middlesex Township Woodbridge
25%
51,867 Essex Town Bloomfield
13%
77,259 Essex City East Orange
13%
59,379 Essex Town Irvington
13%
No matching quizzes found
Score Distribution
Percent of People with Each Score
Percentile by Number Answered
Your Score History
You have not taken this quiz